The Public liability insurance act, 1991 alongwith the public liability insurance rules, 1991 (Record no. 108067)

MARC details
000 -LEADER
fixed length control field 00403nam a2200133Ia 4500
008 - FIXED-LENGTH DATA ELEMENTS--GENERAL INFORMATION
fixed length control field 230917s9999||||xx |||||||||||||| ||und||
040 ## - CATALOGING SOURCE
-- 179956
Original cataloging agency VIVEKANANDA LIBRARY
041 ## - Language
-- English
082 ## - DDC NUMBER
Classification number 34:368 U3P
245 #4 - TITLE STATEMENT
Title The Public liability insurance act, 1991 alongwith the public liability insurance rules, 1991
260 ## - PUBLICATION, DISTRIBUTION, ETC. (IMPRINT)
Place of publication, distribution, etc New Delhi
Name of publisher, distributor, etc Universal Law Publishing Co.
Date of publication, distribution, etc 2001
300 ## - PHYSICAL DESCRIPTION
Pages 26 p.
942 ## - ADDED ENTRY ELEMENTS (KOHA)
Koha item type Books
Holdings
Withdrawn status Lost status Damaged status Not for loan Location (home branch) Sublocation or collection (holding branch) Date acquired Koha issues (times borrowed) Koha full call number Accession No. Koha date last seen Koha item type
        VIVEKANANDA LIBRARY VIVEKANANDA LIBRARY 17/02/2011   34:368 U3P 194376 17/09/2023 Books
        VIVEKANANDA LIBRARY VIVEKANANDA LIBRARY 17/02/2011   34:368 U3P 194377 17/09/2023 Books
© Designed and Maintained by Vivekananda Library, MDU Rohtak